Sports Quiz

Random Sports Quiz

Ballon d'Or Quiz Stats

Quiz not verified by Sporcle

Challenge
Share
Tweet
Embed
Score 0/173 Timer 10:00
1 Play Today
Year Player % Correct
2012Cristiano Ronaldo
95.9%
2007Cristiano Ronaldo
95.6%
2008Cristiano Ronaldo
95.6%
2009Cristiano Ronaldo
95.6%
2011Cristiano Ronaldo
95.6%
1996Ronaldo
95.1%
1997Ronaldo
95.1%
1998Ronaldo
95.1%
2002Ronaldo
95.1%
2007Lionel Messi
94.6%
2008Lionel Messi
94.6%
2009Lionel Messi
94.6%
2009Xavi
94.6%
2010Lionel Messi
94.6%
2010Xavi
94.6%
2011Lionel Messi
94.6%
2011Xavi
94.6%
2012Lionel Messi
94.5%
2012Andres Iniesta
93.8%
2010Andres Iniesta
93.2%
2003Thierry Henry
91.7%
2004Ronaldinho
91.7%
2005Ronaldinho
91.7%
2006Thierry Henry
91.7%
1997Zinedine Zidane
91.2%
1998Zinedine Zidane
91.2%
2000Zinedine Zidane
91.2%
2005Steven Gerrard
90.7%
2001Michael Owen
89.8%
2006Fabio Cannavaro
87.8%
2005Frank Lampard
86.8%
2007Kaka
86.3%
1956Alfredo Di Stefano
84.9%
1957Alfredo Di Stefano
84.9%
1959Alfredo Di Stefano
84.9%
1988Marco van Basten
84.9%
1989Marco van Basten
84.9%
1992Marco van Basten
84.9%
1999David Beckham
84.9%
2000Luis Figo
84.4%
1971Johan Cruyff
83.9%
1973Johan Cruyff
83.9%
1974Johan Cruyff
83.9%
1975Johan Cruyff
83.9%
1966Bobby Charlton
82.9%
1967Bobby Charlton
82.9%
1968George Best
82.9%
1968Bobby Charlton
82.9%
1971George Best
82.9%
2001Raul
82.4%
1994Paolo Maldini
81.5%
1999Andriy Shevchenko
81.5%
2000Andriy Shevchenko
81.5%
2003Paolo Maldini
81.5%
2004Andriy Shevchenko
81.5%
2006Gianluigi Buffon
81.5%
1966Franz Beckenbauer
81%
1972Franz Beckenbauer
81%
Year Player % Correct
1974Franz Beckenbauer
81%
1975Franz Beckenbauer
81%
1976Franz Beckenbauer
81%
2003Pavel Nedved
81%
2008Fernando Torres
81%
1977Michel Platini
80.5%
1980Michel Platini
80.5%
1983Michel Platini
80.5%
1984Michel Platini
80.5%
1985Michel Platini
80.5%
1999Rivaldo
80.5%
1969Luigi Riva
80%
1970Luigi Riva
80%
2001Oliver Kahn
78%
2002Oliver Kahn
78%
1969Gerd Muller
76.6%
1970Gerd Muller
76.6%
1972Gerd Muller
76.6%
1973Gerd Muller
76.6%
1987Ruud Gullit
76.1%
1988Ruud Gullit
76.1%
1962Eusebio
75.6%
1965Eusebio
75.6%
1966Eusebio
75.6%
1996Alan Shearer
74.1%
1990Lothar Matthaus
72.7%
1991Lothar Matthaus
72.7%
1993Roberto Baggio
71.7%
1994Roberto Baggio
71.7%
1956Stanley Matthews
69.3%
1960Ferenc Puskas
68.8%
1996Matthias Sammer
68.8%
1979Karl-Heinz Rummenigge
68.3%
1980Karl-Heinz Rummenigge
68.3%
1981Karl-Heinz Rummenigge
68.3%
1977Kevin Keegan
67.8%
1978Kevin Keegan
67.8%
1979Kevin Keegan
67.8%
1991Jean-Pierre Papin
66.8%
1992Hristo Stoichkov
66.8%
1994Hristo Stoichkov
66.8%
1995George Weah
66.8%
2002Roberto Carlos
66.3%
1988Frank Rijkaard
65.9%
1989Frank Rijkaard
65.9%
1960Luis Suarez
64.4%
1961Luis Suarez
64.4%
1964Denis Law
64.4%
1964Luis Suarez
64.4%
1965Luis Suarez
64.4%
1963Lev Yashin
62.9%
1982Paolo Rossi
62.4%
1970Bobby Moore
61%
1993Eric Cantona
58.5%
1956Raymond Kopa
58%
1958Raymond Kopa
58%
1959Raymond Kopa
58%
1957Raymond Kopa
58%
Year Player % Correct
2004Deco
57.1%
1995Jurgen Klinsmann
55.6%
1989Franco Baresi
54.6%
1992Dennis Bergkamp
50.7%
1993Dennis Bergkamp
50.7%
1983Kenny Dalglish
48.3%
1958Just Fontaine
46.8%
1995Jari Litmanen
46.8%
1975Oleg Blokhin
44.9%
1984Jean Tigana
42.9%
1963Gianni Rivera
42.4%
1969Gianni Rivera
42.4%
1973Dino Zoff
41.5%
1986Emilio Butragueno
41.5%
1987Emilio Butragueno
41.5%
1967Florian Albert
40.5%
1998Davor Suker
40%
1977Allan Simonsen
39.5%
1983Allan Simonsen
39.5%
1990Andreas Brehme
39%
1997Predrag Mijatovic
39%
1963Jimmy Greaves
38.5%
1957Duncan Edwards
38%
1982Zbigniew Boniek
36.6%
1962Josef Masopust
36.1%
1991Dejan Savicevic
35.6%
1961Omar Sivori
35.1%
1981Paul Breitner
35.1%
1960Uwe Seeler
34.6%
1982Alain Giresse
34.1%
1986Igor Belanov
34.1%
1990Salvatore Schillaci
34.1%
1986Gary Lineker
32.7%
1991Darko Pancev
31.2%
1957Billy Wright
30.7%
1967Jimmy Johnstone
28.8%
1984Preben Elkjaer
28.8%
1985Preben Elkjaer
28.8%
1958Helmut Rahn
28.3%
1959John Charles
28.3%
1965Giacinto Facchetti
27.3%
1971Sandro Mazzola
27.3%
1972Gunter Netzer
26.3%
1980Bernd Schuster
26.3%
1981Bernd Schuster
26.3%
1985Bernd Schuster
26.3%
1987Paulo Futre
24.4%
1962Karl-Heinz Schnellinger
22.9%
1974Kazimierz Deyna
22.4%
1976Rob Rensenbrink
22.4%
1978Rob Rensenbrink
22.4%
1979Ruud Krol
22%
1961Johnny Haynes
20%
1968Dragan Dzajic
15.6%
1976Ivo Viktor
15.6%
1978Hans Krankl
15.1%
1964Amancio
14.1%

You're not logged in!

Compare scores with friends on all Sporcle quizzes.
Sign Up with Email
OR
Log In

You Might Also Like...

Show Comments

Extras

Top Quizzes Today


Score Distribution

Your Account Isn't Verified!

In order to create a playlist on Sporcle, you need to verify the email address you used during registration. Go to your Sporcle Settings to finish the process.